书目信息 |
| 题名: |
遗传学综合实验教程
|
|
| 作者: | 王金发 , 戚康标 , 何炎明 主编 | |
| 分册: | ||
| 出版信息: | 北京 科学出版社 2012.10 |
|
| 页数: | 214页 | |
| 开本: | 26cm | |
| 丛书名: | ||
| 单 册: | ||
| 中图分类: | Q3-3 | |
| 科图分类: | ||
| 主题词: | 遗传学--实验--高等教育--教材 , 遗传学 | |
| 电子资源: | ||
| ISBN: | 978-7-03-035788-5 | |
| 000 | 01140nam0 2200301 450 | |
| 001 | 0400002047 | |
| 005 | 20171020081532.0 | |
| 010 | @a978-7-03-035788-5@dCNY35.00 | |
| 100 | @a20130127e20172012em y0chiy50 ea | |
| 101 | 0 | @achi |
| 102 | @aCN@b110000 | |
| 105 | @aaf z 000yy | |
| 106 | @ar | |
| 200 | 1 | @a遗传学综合实验教程@9yi chuan xue zong he shi yan jiao cheng@f王金发,戚康标,何炎明主编 |
| 210 | @a北京@c科学出版社@d2012.10@h2017.1 | |
| 215 | @a214页@c图,彩版@d26cm | |
| 300 | @a国家精品课程配套立体化教材 普通高等教育“十二五”规划教材 | |
| 312 | @a封面英文题名:Integrated genetics experimental course | |
| 330 | @a本书共有44个实验,包括概率原理、卡平方测验、果蝇的生活史及遗传性状观察、粗糙链孢霉的分离和交换、多基因遗传的人类指纹嵴分析、植物总RNA的提取等。 | |
| 510 | 1 | @aIntegrated genetics experimental course@zeng |
| 606 | 0 | @a遗传学@x实验@x高等教育@j教材 |
| 606 | 0 | @a遗传学 |
| 690 | @aQ3-3@v5 | |
| 701 | 0 | @a王金发@9wang jin fa@f(1947~)@4主编 |
| 701 | 0 | @a戚康标@9qi kang biao@4主编 |
| 701 | 0 | @a何炎明@9he yan ming@f(1954~)@4主编 |
| 801 | 0 | @aCN@b91MARC@c20171020 |
| 905 | @b1031365-9@dQ3-3@f5@e76 | |
| 遗传学综合实验教程/王金发,戚康标,何炎明主编.-北京:科学出版社,2012.10(2017.1) |
| 214页:图,彩版;26cm |
| 国家精品课程配套立体化教材 普通高等教育“十二五”规划教材 |
| ISBN 978-7-03-035788-5:CNY35.00 |
| 本书共有44个实验,包括概率原理、卡平方测验、果蝇的生活史及遗传性状观察、粗糙链孢霉的分离和交换、多基因遗传的人类指纹嵴分析、植物总RNA的提取等。 |
| ● |
| 相关链接 |
|
|
|
|
正题名:遗传学综合实验教程
索取号:Q3-3/76
 
预约/预借
| 序号 | 登录号 | 条形码 | 馆藏地/架位号 | 状态 | 备注 |
| 1 | 1031365 | 210313659 | 第二样本阅览室/ [索取号:Q3-3/76] | 在馆 | |
| 2 | 1031366 | 210313668 | 密集书库-生命科学系/ [索取号:Q3-3/76] | 在馆 | |
| 3 | 1031367 | 210313677 | 第三借阅区/ [索取号:Q3-3/76] | 在馆 | |
| 4 | 1031368 | 210313686 | 第三借阅区/ [索取号:Q3-3/76] | 在馆 | |
| 5 | 1031369 | 210313695 | 第三借阅区/ [索取号:Q3-3/76] | 在馆 |